| 000 | 02381ngm a2200433 a 4500 | ||
|---|---|---|---|
| 001 | vtls003053135 | ||
| 003 | MY-SjTCS | ||
| 005 | 20200306170435.0 | ||
| 008 | 081124s2004 139 000 v eng d | ||
| 020 | _aNO ISBN | ||
| 039 | 9 |
_a200811241821 _bVLOAD _c200708131210 _drosnani _c200706121014 _dradtha _c200706061557 _dradtha _y200706041252 _zradtha |
|
| 082 | 0 | 4 |
_a791.4372 _bAGO |
| 245 | 0 | 4 |
_aThe agony and the ecstasy _h[videorecording] / _cTwentieth Century Fox ; International Classics ; producer/director, Carol Reed ; screen story and screenplay, Philip Dunne. |
| 260 |
_aTaipei City, Taiwan : _bEvervision Corp., _c2004 |
||
| 300 |
_a1 videodisc (ca. 139 min.) : _bsd., ; _c4 3/4 in. |
||
| 440 | 0 |
_aOscar best movie collection _9285350 |
|
| 500 | _aOriginally released as a motion picture in 1965 | ||
| 500 | _aBased on the novel of the same title by Irving Stone | ||
| 508 | _aMusic composed and conducted by Alex North ; director of photography, Leon Shamroy ; art director, Jack Martin Smith ; production designed by John DeCuir ; film editor, Samuel E. Beetley | ||
| 511 | 1 | _aCharlton Heston, Rex Harrison, Diane Cilento, Harry Andrews, Alberto Lupo, Adolfo Celi | |
| 520 | _aWhen Pope Julius II (Harrison) commissions Michelangelo (Heston) to paint the ceiling of the Sistine Chapel, the artist initially refuses. Virtually forced to do the job by Julius, he later destroys his own work and flees Rome. Eventually resumed, the project becomes a battle of wills fueled by the artistic and temperamental differences that form the core of this movie. | ||
| 538 | _aDVD | ||
| 600 | 0 | 0 |
_aMichelangelo Buonarroti, _d1475-1564 _vDrama _925738 |
| 610 | 2 | 0 |
_aCappella Sistina (Vatican Palace, Vatican City) _vDrama _9285351 |
| 650 | 0 |
_aSistine Chapel (Vatican Palace, Vatican City) _vDrama. _9285352 |
|
| 650 | 0 |
_aFeature films _zRome. _9285353 |
|
| 650 | 0 |
_aReligious films. _9285354 |
|
| 700 | 1 |
_aReed, Carol, _d1906- _9285355 |
|
| 700 | 1 |
_aHeston, Charlton _981849 |
|
| 700 | 1 |
_aHarrison, Rex _982539 |
|
| 700 | 1 |
_aCilento, Diane _9285356 |
|
| 700 | 1 |
_aAndrews, Harry _9285357 |
|
| 700 | 1 |
_aLupo, Alberto _9285358 |
|
| 700 | 1 |
_aCeli, Adolfo, _d1922-1986 _9285359 |
|
| 700 | 1 |
_aNorth, Alex _924793 |
|
| 700 | 1 |
_aStone, Irving, _d1903- _tAgony and the ecstasy _9285360 |
|
| 710 | 2 |
_aTwentieth Century Fox Home Entertainment, Inc. _913222 |
|
| 920 | _aLAC : LCDVDV028 | ||
| 999 | _c62499 | ||